Giáo trình máy điện

में बचाया:
ग्रंथसूची विवरण
मुख्य लेखक: Đặng Văn Đào
स्वरूप: पुस्तक
भाषा:Undetermined
प्रकाशित: H. Giáo dục 2003
विषय:
टैग : टैग जोड़ें
कोई टैग नहीं, इस रिकॉर्ड को टैग करने वाले पहले व्यक्ति बनें!
Thư viện lưu trữ: Trung tâm Học liệu Trường Đại học Cần Thơ
LEADER 00506nam a2200193Ia 4500
001 CTU_59958
008 210402s9999 xx 000 0 und d
020 |b 14800 
082 |a 621.31042 
082 |b Đ108 
100 |a Đặng Văn Đào 
245 0 |a Giáo trình máy điện 
245 0 |c Đặng Văn Đào 
260 |a H. 
260 |b Giáo dục 
260 |c 2003 
650 |a electrical machinery 
904 |i Minh 
980 |a Trung tâm Học liệu Trường Đại học Cần Thơ